000 00670nam a2200289Ia 4500
005 20260324144113.0
008 008 260324s9999 xx 000 0 eng d
020 _a9781003449119
037 _aEBOOK
040 _aCRL
040 _beng
040 _cCRL
041 _2eng
041 _aeng
084 _qCRL
100 _aJames S. Atherton
_91218091
245 0 _aInterpreting Residential Life
245 0 _bValues to Practise
260 _bTaylor and Francis
260 _c1989
365 _a
365 _b160
856 _uhttp://www.taylorfrancis.com/books/9781003449119
942 _cEBOOK
999 _c1824291
_d1824291